Open Data Biblioteca Nacional de Portugal


República Portuguesa: Ministério da Cultura
Biblioteca Nacional de Portugal

Catálogo da BNP: acesso por Identificadores Unívocos
Registos Bibliográficos associados ao registo de autoridade

Etiqueta de registo: 00254nam 2200025 450
001 2284637
003 http://id.bnportugal.gov.pt/bib/catbnp/2284637
100 ## $a20260417d2025 k y0pory01030103ba
101 0# $aeng$dpor
102 ## $aPT
105 ## $aa m 000yy
106 ## $ar
200 1# $aMapping memory, emotions, and aspirations - a cultural map of a Lagoa de Albufeira towards sustainability$e a critical ethnographic study of online community narratives$fDaniel Gomes Batista de Oliveira$gorient. Mônica Maria Borges Mesquita, Zara Fani Gonçalves Teixeira
210 #9 $a[S.l.$cs.n.],$d2025
215 ## $aXXV, [3], 152 p.$cil.$d30 cm
328 #1 $aTese dout. Environment & Sustainability, Nova School of Science & Technology, Universidade Nova de Lisboa, 2025
700 #1 $aOliveira,$bDaniel Gomes Batista de$31996107
702 #1 $aTeixeira,$bZara Fani Gonçalves$4727$31433514
702 #1 $aMesquita,$bMônica Maria Borges,$f1965-$4727$31453884
801 #0 $aPT$bBN$gRPC
966 ## $lBN$mFGMON$x1
971 ## $cisantos$d20260417

OpendataBNP@bnportugal.pt | Mais informação sobre acesso aos dados BNP